Normal view MARC view
  • Libra, J. A.

Entry Personal Name

Number of records used in: 4

001 - CONTROL NUMBER

  • control field: 5935

003 - CONTROL NUMBER IDENTIFIER

  • control field: NUST

005 - DATE AND TIME OF LATEST TRANSACTION

  • control field: 20171103121555.0

008 - FIXED-LENGTH DATA ELEMENTS

  • fixed length control field: 171103|| aca||aabn | a|a d

040 ## - CATALOGING SOURCE

  • Original cataloging agency: NUST
  • Transcribing agency: NUST

100 ## - HEADING--PERSONAL NAME

  • Personal name: Libra, J. A.
  • Fuller form of name: (Judy A.)

670 ## - SOURCE DATA FOUND

  • Source citation: Work cat.: (NUST)0: Gottschalk, C. (Christiane) 5931, Ozonation of water and waste water :, c2000.
© 2023 Central Library, National University of Sciences and Technology. All Rights Reserved.